Online
Catalog

Technique et civilisation / (Record no. 34639)

MARC details
000 -CABECERA
campo de control de longitud fija 00879nam a2200229 a 4500
001 - NÚMERO DE CONTROL
campo de control 000035148
005 - FECHA Y HORA DE LA ÚLTIMA TRANSACCIÓN
campo de control 20200930074133.0
008 - DATOS DE LONGITUD FIJA--INFORMACIÓN GENERAL
campo de control de longitud fija 111025s1950 fr a 000 0 fre d
040 ## - FUENTE DE LA CATALOGACIÓN
Centro catalogador/agencia de origen DO-SdBNP
Lengua de catalogación spa
Centro/agencia transcriptor BNPHU
041 17 - CÓDIGO DE LENGUA
Código de lengua del texto/banda sonora o título independiente fre
100 1# - ENTRADA PRINCIPAL--NOMBRE DE PERSONA
Nombre de persona Mumford, Lewis,
Fechas asociadas al nombre 1895-1990
9 (RLIN) 60856
245 10 - MENCIÓN DE TÍTULO
Título Technique et civilisation /
Mención de responsabilidad, etc. Lewis Momford ; traduit de l´américain par Denise Moutonnier.
260 ## - PUBLICACIÓN, DISTRIBUCIÓN, ETC.
Lugar de publicación, distribución, etc. Paris :
Nombre del editor, distribuidor, etc. Éditions du Seuil,
Fecha de publicación, distribución, etc. 1950.
300 ## - DESCRIPCIÓN FÍSICA
Extensión 414, [15] p. :
Otras características físicas il., bl. y n. ;
Dimensiones 21 cm.
490 0# - MENCIÓN DE SERIE
Mención de serie Colections esprit "La cité prochaine"
504 ## - NOTA DE BIBLIOGRAFÍA, ETC.
Nota de bibliografía, etc. Bibliografía: p. 388-415
590 ## - NOTA LOCAL (RLIN)
Nota local Perteneció a la biblioteca personal de Juan Isidro Jimenes Grullón
650 24 - PUNTO DE ACCESO ADICIONAL DE MATERIA--TÉRMINO DE MATERIA
Término de materia o nombre geográfico como elemento de entrada Tecnología y civilización
9 (RLIN) 4626
650 24 - PUNTO DE ACCESO ADICIONAL DE MATERIA--TÉRMINO DE MATERIA
Término de materia o nombre geográfico como elemento de entrada Artes industriales
Subdivisión general Historia
9 (RLIN) 60857
700 1# - PUNTO DE ACCESO ADICIONAL--NOMBRE DE PERSONA
Nombre de persona Moutonnier, Denise,
Término indicativo de función/relación trad.
9 (RLIN) 60858
830 #0 - PUNTO DE ACCESO ADICIONAL DE SERIE-TÍTULO UNIFORME
Título uniforme Colections esprit "La cité prochaine"
9 (RLIN) 60859
Holdings
Estado de retiro Estado de pérdida Restricciones de uso No para préstamo Código de colección Localización permanente Ubicación/localización actual Ubicación en estantería Fecha de adquisición Número de inventario Total de préstamos Signatura topográfica completa Código de barras Fecha visto por última vez Precio válido a partir de Tipo de ítem Koha Nota pública
        Monografías: Libros y Folletos General General Orden iniciada 25.10.2011 LF1   35148-10 25.06.2020 25.06.2020 No se presta Biblioteca Juan Isidro Jiménes Grullón

Powered by Koha